Korosi untuk mahasiswa sains dan rekaysa

Bibliographic Details
Main Authors: Trethewey, Kenneth R. [ (Kenneth Richard)] , 1950- (Author), Chamberlain, John (Author)
Format: Book
Published: Jakarta : Gramedia , 1991
Subjects:

MARC

LEADER 00000cam a2200000 7i4500
001 0000004069
005 20190530093000.0
008 021118n
020 |a 9795111701 
090 0 0 |a TA418.74   |b .T715 
100 0 |a Trethewey, Kenneth R. [  |q (Kenneth Richard)] ,   |d 1950- ,   |e author 
240 0 0 |a [Corrosion for students of science and engineering.   |l Bahasa Indonesia] 
245 0 0 |a Korosi untuk mahasiswa sains dan rekaysa   |c Kenneth R. Trethewey, John Chamberlain   |f alihbahasa, alex Tri Kantjono Widod 
260 2 |a Jakarta :   |b Gramedia ,   |c 1991 
300 |a xi, 398 ms. ; ;   |c 24 sm. 
501 |a Terjemahan: Corrosion for students of science and engineering 
504 |a Mengandungi indeks 
650 0 |a Corrosion and anti-corrosives 
700 0 |a Chamberlain, John ,   |e author 
999 |a 1000035390   |b Book   |c OPEN SHELF (30 DAYS)   |e Gong Badak Campus